| 000 | 00372cam a2200145ua 4500 | ||
|---|---|---|---|
| 041 |
_aeng _h |
||
| 082 |
_a828 _bBEK/VOL |
||
| 100 | _aBek, Alexander . | ||
| 245 |
_aVolocolomsk highway / _cAlexander Bek. _hTextual Documents |
||
| 260 |
_aMoscow : _bForeign Language Publishing House , _c1960. |
||
| 300 | _a330 ; . | ||
| 504 | _a | ||
| 942 | _cBK | ||
| 999 |
_c11808 _d11808 |
||